00702nam a2200169 a 450000100100000000500170001000800410002704000250006808200150009310000340010824500900014226000720023230000210030404900090032595201810033499900170051500003313420200930070041.0110817s19uu dr 000 0 spa d aDO-SdBNPbspacBNPHU axxxbD841o1 aDucoudray, J. Humberto95879510aOfrenda lírica a la srta. Asia Luisa de Soto en su día /cDucoudray, J. Humberto. aSan Pedro de Macorís, República Dominicana :bLa Orla,c[19uu]. a[9 p.] ;c19 cm. aBNPD 001050718RVaPDbPDcCTd2011-08-17iLF1l0oxxx D841op33134-10r2020-06-25w2020-06-25y1zPerteneció a la biblioteca personal de F. Henríquez y CarvajalZNo se presta c32625d32625